| 000 | 00526nam a22001697a 4500 | ||
|---|---|---|---|
| 999 |
_c525819 _d525819 |
||
| 003 | NUST | ||
| 020 | _qH/B | ||
| 038 | _awaseem | ||
| 082 |
_a891.439092 _bHAR |
||
| 100 |
_aHarganvi, Manazir Ahsiq _916764 |
||
| 245 |
_aAnwar Shiekh Bahasiyat Afsana Nigar / _cManazir Ahsiq Harganvi |
||
| 260 |
_aNew Delhi : _bNiraliduniya Publications, _c2000. |
||
| 300 | _a136 p. ; | ||
| 880 |
_6100-01\r _aمناظر عاشق ہرگانوی |
||
| 880 |
_6245-02\r _aانور شیخ بحیثیت افسانہ نگار / |
||
| 942 |
_2ddc _cBK |
||